[Event "Charleroi op"]
[Site "Charleroi"]
[Date "2016.08.03"]
[Round "6"]
[White "Cappon, John"]
[Black "Vanderwaeren, Serge"]
[Result "1-0"]
[WhiteElo "2229"]
[BlackElo "2208"]
[PlyCount "63"]
[EventDate "2016.07.30"]
[EventType "swiss"]
[EventRounds "9"]
[EventCountry "BEL"]
[SourceTitle "CBM 173 Extra"]
[Source "ChessBase"]
[SourceDate "2016.08.29"]
[SourceVersion "1"]
[SourceVersionDate "2016.08.29"]
[SourceQuality "1"]

1. e4 c5 2. d4 cxd4 3. c3 dxc3 4. Nxc3 Nc6 5. Nf3 e6 6. Bc4 a6 7. 0-0 d6 8. Qe2 Nge7 9. Bg5 h6 10. Bh4 b5 11. Bb3 Qb6 12. Rfd1 Ng6 13. Bg3 Nce5 14. Nxe5 dxe5 15. a4 Be7 16. axb5 0-0 17. Bc4 a5 18. Na4 Qa7 19. b6 Qb8 20. f3 Bb7 21. Bf2 Nf4 22. Qf1 Bc6 23. g3 Bxa4 24. Rxa4 Nh5 25. Ba6 Qe8 26. Rxa5 Qc6 27. b7 Rab8 28. Qb5 Qc2 29. Raa1 Bg5 30. Qxe5 Nf6 31. Qc3 Qxc3 32. bxc3 1-0

[Event "BEL-ch op"]
[Site "Antwerp"]
[Date "2011.07.10"]
[Round "9.5"]
[White "De Schampheleire, Glen"]
[Black "Vanderwaeren, Serge"]
[Result "0-1"]
[WhiteElo "2263"]
[BlackElo "2161"]
[PlyCount "56"]
[EventDate "2011.07.02"]
[EventType "swiss"]
[EventRounds "9"]
[EventCountry "BEL"]
[SourceTitle "CBM 143 Extra"]
[Source "ChessBase"]
[SourceDate "2011.08.29"]
[SourceVersion "1"]
[SourceVersionDate "2011.08.29"]
[SourceQuality "1"]

1. d4 e6 2. Nf3 c5 3. e4 cxd4 4. Nxd4 a6 5. Nc3 Ne7 6. Be3 b5 7. Bd3 Nbc6 8. Nb3 Ng6 9. 0-0 Be7 10. f4 0-0 11. Qh5 f6 12. Rf3 Rf7 13. Rd1 Nf8 14. Kh1 Nb4 15. f5 Nxd3 16. Rxd3 Qc7 17. Bf4 Qb6 18. h4 Bb7 19. Rg3 b4 20. Bh6 bxc3 21. Bxg7 Rxg7 22. Qh6 Ng6 23. fxg6 Kh8 24. bxc3 Bxe4 25. Rxd7 Rd8 26. Rxd8+ Qxd8 27. Nd4 Qd6 28. Qe3 f5 0-1

[Event "BEL-ch op"]
[Site "Antwerp"]
[Date "2011.07.09"]
[Round "8.4"]
[White "Vanderwaeren, Serge"]
[Black "Barbier, Wim"]
[Result "1/2-1/2"]
[WhiteElo "2161"]
[BlackElo "2147"]
[PlyCount "25"]
[EventDate "2011.07.02"]
[EventType "swiss"]
[EventRounds "9"]
[EventCountry "BEL"]
[SourceTitle "CBM 143 Extra"]
[Source "ChessBase"]
[SourceDate "2011.08.29"]
[SourceVersion "1"]
[SourceVersionDate "2011.08.29"]
[SourceQuality "1"]

1. d4 d6 2. c4 Nf6 3. Nc3 e5 4. Nf3 Nbd7 5. Bg5 c6 6. Qc2 Qa5 7. Bd2 Qc7 8. e4 g6 9. Be2 Bg7 10. 0-0 0-0 11. dxe5 dxe5 12. b4 Re8 13. Rac1 1/2-1/2

[Event "BEL-ch op"]
[Site "Antwerp"]
[Date "2011.07.06"]
[Round "5.10"]
[White "T'Sas, Jan"]
[Black "Vanderwaeren, Serge"]
[Result "0-1"]
[WhiteElo "1979"]
[BlackElo "2161"]
[PlyCount "56"]
[EventDate "2011.07.02"]
[EventType "swiss"]
[EventRounds "9"]
[EventCountry "BEL"]
[SourceTitle "CBM 143 Extra"]
[Source "ChessBase"]
[SourceDate "2011.08.29"]
[SourceVersion "1"]
[SourceVersionDate "2011.08.29"]
[SourceQuality "1"]

1. e4 d5 2. exd5 Nf6 3. d4 Nxd5 4. Nf3 g6 5. Be2 Bg7 6. 0-0 0-0 7. c4 Nb6 8. Nc3 Nc6 9. d5 Na5 10. c5 Bxc3 11. cxb6 Bg7 12. bxc7 Qxc7 13. Qa4 b6 14. Qh4 Qc2 15. Bd1 Qc4 16. Qxe7 Ba6 17. Re1 Qxd5 18. Qb4 Rfe8 19. Be3 Re4 20. Bb3 Nxb3 21. Qxb3 Bc4 22. Qa3 Rg4 23. Kh1 Qh5 24. Rad1 Rxg2 25. Kxg2 Qg4+ 26. Kh1 Qxf3+ 27. Kg1 Qg4+ 28. Kh1 Be2 0-1

[Event "BEL-ch op"]
[Site "Antwerp"]
[Date "2011.07.04"]
[Round "3.17"]
[White "Boons, Patrick"]
[Black "Vanderwaeren, Serge"]
[Result "1/2-1/2"]
[WhiteElo "1967"]
[BlackElo "2161"]
[PlyCount "74"]
[EventDate "2011.07.02"]
[EventType "swiss"]
[EventRounds "9"]
[EventCountry "BEL"]
[SourceTitle "CBM 143 Extra"]
[Source "ChessBase"]
[SourceDate "2011.08.29"]
[SourceVersion "1"]
[SourceVersionDate "2011.08.29"]
[SourceQuality "1"]

1. e4 d5 2. exd5 Nf6 3. Bb5+ Bd7 4. Be2 Nxd5 5. d4 g6 6. Nf3 Bg7 7. c4 Nb6 8. Be3 0-0 9. Nc3 Nc6 10. c5 Nc8 11. d5 Ne5 12. Nxe5 Bxe5 13. Bh6 Re8 14. Qd2 e6 15. 0-0-0 Qh4 16. Be3 Ne7 17. g3 Qb4 18. dxe6 Bxe6 19. a3 Qa5 20. Nb5 Qxd2+ 21. Rxd2 Nf5 22. Bg5 h6 23. f4 Bg7 24. g4 hxg5 25. gxf5 Bxf5 26. Nxc7 gxf4 27. Nxa8 Rxa8 28. Bd3 Bxd3 29. Rxd3 Rc8 30. Rd5 Bf8 31. Kd2 Bxc5 32. h4 f3 33. h5 f2 34. hxg6 fxg6 35. Rd7 Rf8 36. Ke2 Re8+ 37. Kd2 Rf8 1/2-1/2

[Event "Charleroi op"]
[Site "Charleroi"]
[Date "2010.08.05"]
[Round "7"]
[White "Vanderwaeren, Serge"]
[Black "Vanhee, Freddy"]
[Result "1/2-1/2"]
[WhiteElo "2168"]
[BlackElo "1960"]
[PlyCount "134"]
[EventDate "2010.07.31"]
[EventType "swiss"]
[EventRounds "9"]
[EventCountry "BEL"]
[SourceTitle "CBM 137 Extra"]
[Source "ChessBase"]
[SourceDate "2010.09.01"]
[SourceVersion "1"]
[SourceVersionDate "2010.09.01"]
[SourceQuality "1"]

1. Nf3 d5 2. e3 e6 3. c4 c6 4. Nc3 Bd6 5. e4 dxe4 6. Nxe4 Be7 7. d4 Nf6 8. Bd3 Nbd7 9. 0-0 Nxe4 10. Bxe4 Nf6 11. Bc2 0-0 12. Bg5 Ne8 13. Qd3 f5 14. Bxe7 Qxe7 15. Rfe1 Qf6 16. Ne5 Nc7 17. Rad1 Rd8 18. Qg3 Bd7 19. Nd3 Ne8 20. Bb3 Rac8 21. Nc5 Rc7 22. d5 cxd5 23. cxd5 Rxc5 24. dxe6 Bxe6 25. Rxd8 Qxd8 26. Bxe6+ Kh8 27. Qe3 Qe7 28. Qd2 Qc7 29. Bxf5 Nf6 30. Bb1 Kg8 31. h3 Rd5 32. Qe3 b6 33. a3 Kf8 34. g4 Rd8 35. Rc1 Qd6 36. g5 Nh5 37. Ba2 Qf4 38. Rc2 Re8 39. Qxf4+ Nxf4 40. h4 Ng6 41. h5 Nf4 42. h6 Nh3+ 43. Kg2 Nxg5 44. hxg7+ Kxg7 45. Rc7+ Kf6 46. f4 Ne6 47. Rxa7 Nxf4+ 48. Kf3 Nd3 49. Rb7 Ne5+ 50. Kg3 Kg5 51. Rxh7 Nd3 52. Rg7+ Kh6 53. Rb7 Re3+ 54. Kg4 Nxb2 55. Bb1 Nd3 56. Rxb6+ Kg7 57. Ra6 Kf7 58. a4 Ke7 59. a5 Kd7 60. Rh6 Nc5 61. Bf5+ Kc7 62. Rh8 Ra3 63. Rc8+ Kd6 64. Ra8 Kc6 65. Bc8 Kb5 66. a6 Nxa6 67. Kf5 Ra5 1/2-1/2

[Event "BEL-ch op"]
[Site "Westerlo"]
[Date "2010.07.10"]
[Round "8"]
[White "Vanderwaeren, Serge"]
[Black "Van den Brande, Werner"]
[Result "1/2-1/2"]
[WhiteElo "2168"]
[BlackElo "2262"]
[PlyCount "89"]
[EventDate "2010.07.03"]
[EventType "swiss"]
[EventRounds "9"]
[EventCountry "BEL"]
[SourceTitle "CBM 137 Extra"]
[Source "ChessBase"]
[SourceDate "2010.09.01"]
[SourceVersion "1"]
[SourceVersionDate "2010.09.01"]
[SourceQuality "1"]

1. Nf3 c5 2. c4 Nc6 3. d4 cxd4 4. Nxd4 e5 5. Nc2 f5 6. Nc3 Nf6 7. g3 Bc5 8. Be3 Be7 9. Bg2 d6 10. 0-0 0-0 11. Bg5 a6 12. Nd5 Nxd5 13. Qxd5+ Kh8 14. Bxe7 Qxe7 15. Rad1 Be6 16. Qxd6 Qxd6 17. Rxd6 Bxc4 18. Bxc6 bxc6 19. b3 Bxe2 20. Re1 Bf3 21. Rxe5 Rad8 22. Rxd8 Rxd8 23. Nd4 Be4 24. f3 Bb1 25. Nxc6 Rd1+ 26. Kf2 g6 27. Re2 Rc1 28. Ne5 Kg7 29. b4 Kf6 30. Nd7+ Kf7 31. Nc5 a5 32. Nb3 Rc4 33. bxa5 Ra4 34. Nc1 Rc4 35. a6 Rxc1 36. a7 Rc8 37. Rb2 Ra8 38. Rxb1 Rxa7 39. Rb2 Ra3 40. f4 h6 41. Rc2 g5 42. fxg5 hxg5 43. Ke2 Kg6 44. Kd2 f4 45. gxf4 1/2-1/2

[Event "Ghent Taminco op 31st"]
[Site "Ghent"]
[Date "2008.07.19"]
[Round "2"]
[White "Vanderwaeren, Serge"]
[Black "Saligo, Pieter"]
[Result "1/2-1/2"]
[WhiteElo "2197"]
[BlackElo "1748"]
[PlyCount "31"]
[EventDate "2008.07.19"]
[EventType "swiss"]
[EventRounds "9"]
[EventCountry "BEL"]
[SourceTitle "CBM 125 Extra"]
[Source "ChessBase"]
[SourceDate "2008.09.01"]
[SourceVersion "1"]
[SourceVersionDate "2008.09.01"]
[SourceQuality "1"]

1. Nf3 d5 2. d4 c6 3. c4 Nf6 4. cxd5 cxd5 5. Nc3 Nc6 6. Bf4 a6 7. e3 Bf5 8. Rc1 e6 9. Qb3 Qd7 10. Ne5 Nxe5 11. Bxe5 Rc8 12. Be2 Be7 13. 0-0 0-0 14. Na4 Rxc1 15. Rxc1 Rc8 16. Rxc8+ 1/2-1/2

[Event "Ghent op"]
[Site "Ghent"]
[Date "2007.07.16"]
[Round "5"]
[White "Dgebuadze, Alexandre"]
[Black "Vanderwaeren, Serge"]
[Result "1-0"]
[WhiteElo "2508"]
[BlackElo "2225"]
[PlyCount "115"]
[EventDate "2007.07.14"]
[EventType "swiss"]
[EventRounds "9"]
[EventCountry "BEL"]
[SourceTitle "CBM 119 Extra"]
[Source "ChessBase"]
[SourceDate "2007.09.04"]
[SourceVersion "1"]
[SourceVersionDate "2007.09.04"]
[SourceQuality "1"]

1. d4 e6 2. e4 c5 3. Nf3 cxd4 4. Nxd4 Nc6 5. Nc3 a6 6. g3 Nge7 7. Bg2 Nxd4 8. Qxd4 Nc6 9. Qd3 b5 10. 0-0 Be7 11. Bf4 0-0 12. Rfd1 f6 13. Bd6 Ne5 14. Bxe7 Qxe7 15. Qd4 Nc6 16. Qd2 Ra7 17. h3 Qc5 18. Ne2 Rc7 19. c3 Ne5 20. Qd4 Rf7 21. a4 Bb7 22. Qxc5 Rxc5 23. axb5 Rxb5 24. b4 Kf8 25. Nd4 Rb6 26. Nb3 Ke7 27. Nc5 Bc8 28. Bf1 d6 29. Bxa6 dxc5 30. Bxc8 cxb4 31. cxb4 f5 32. exf5 Rxf5 33. Ra7+ Kf6 34. Ra6 Rxa6 35. Bxa6 Rf3 36. Rb1 Ra3 37. Bb7 Nc4 38. b5 Nb6 39. Bc6 Ke7 40. Kg2 Kd6 41. Be4 h6 42. Rc1 Nd5 43. Rc6+ Ke5 44. Bxd5 exd5 45. Rg6 Rb3 46. Rxg7 Rxb5 47. Rg6 d4 48. Rxh6 Rb3 49. Rh8 d3 50. h4 Rb6 51. Rd8 Ke4 52. h5 Rb5 53. g4 Kf4 54. Rd4+ Kg5 55. Kg3 Rb3 56. f4+ Kh6 57. Rd6+ Kh7 58. Kh4 1-0

[Event "Charleroi op 4th"]
[Site "Charleroi"]
[Date "2005.08.05"]
[Round "8"]
[White "Vanderwaeren, Serge"]
[Black "Lalau, Alexandre"]
[Result "1-0"]
[WhiteElo "2263"]
[BlackElo "2019"]
[PlyCount "35"]
[EventDate "2005.07.30"]
[EventType "swiss"]
[EventRounds "9"]
[EventCountry "BEL"]
[SourceTitle "EXT 2006"]
[Source "ChessBase"]
[SourceDate "2005.11.24"]
[SourceVersion "1"]
[SourceVersionDate "2005.11.24"]
[SourceQuality "1"]

1. Nf3 Nf6 2. c4 c6 3. Nc3 d5 4. e3 Nbd7 5. Qc2 e5 6. cxd5 cxd5 7. Nb5 Bc5 8. Nxe5 a6 9. Nxd7 Nxd7 10. Nc3 Nf6 11. d4 Bd6 12. Be2 Be6 13. 0-0 h5 14. e4 dxe4 15. Nxe4 Ng4 16. g3 Bc7 17. Ng5 Bd5 18. Bf3 1-0

[Event "BEL-ch opB"]
[Site "Westerlo"]
[Date "2004.07.??"]
[Round "1"]
[White "Claessens, Herman"]
[Black "Vanderwaeren, Serge"]
[Result "0-1"]
[WhiteElo "1782"]
[BlackElo "2252"]
[PlyCount "63"]
[EventDate "2004.07.??"]
[EventType "swiss"]
[EventRounds "9"]
[EventCountry "BEL"]
[SourceTitle "EXT 2005"]
[Source "ChessBase"]
[SourceDate "2004.11.15"]
[SourceVersion "1"]
[SourceVersionDate "2004.11.15"]
[SourceQuality "1"]

1. e4 Nf6 2. e5 Nd5 3. Nc3 Nxc3 4. dxc3 d6 5. Bc4 Nc6 6. Bf4 dxe5 7. Qxd8+ Kxd8 8. 0-0-0+ Ke8 9. Bg3 e6 10. Nf3 Bd6 11. Rhe1 f6 12. h4 Bd7 13. Kb1 Ke7 14. a3 Be8 15. Rh1 e4 16. Nd4 Nxd4 17. cxd4 Bh5 18. Rde1 Bxg3 19. fxg3 f5 20. Kc1 Rhf8 21. c3 a5 22. Rhf1 a4 23. Rf4 Ra5 24. Be2 Bxe2 25. Rxe2 g6 26. g4 h5 27. gxf5 gxf5 28. Re3 Rg8 29. g3 Rd5 30. Rf2 Rdd8 31. Rg2 Rg4 32. Kd2 0-1

[Event "BEL-ch opB"]
[Site "Westerlo"]
[Date "2004.07.??"]
[Round "7"]
[White "De Coninck, Rafael"]
[Black "Vanderwaeren, Serge"]
[Result "1-0"]
[WhiteElo "1988"]
[BlackElo "2252"]
[PlyCount "98"]
[EventDate "2004.07.??"]
[EventType "swiss"]
[EventRounds "9"]
[EventCountry "BEL"]
[SourceTitle "EXT 2005"]
[Source "ChessBase"]
[SourceDate "2004.11.15"]
[SourceVersion "1"]
[SourceVersionDate "2004.11.15"]
[SourceQuality "1"]

1. e4 c5 2. Nc3 Nc6 3. Nge2 g6 4. d4 cxd4 5. Nxd4 Bg7 6. Be3 d6 7. Bc4 Nf6 8. f3 0-0 9. Qd2 Bd7 10. 0-0-0 Rb8 11. h4 b5 12. Bb3 a5 13. Nxc6 Bxc6 14. Nd5 Bxd5 15. Bxd5 Qc7 16. h5 e6 17. hxg6 exd5 18. gxh7+ Kh8 19. Bh6 Ne8 20. Qxd5 Bxh6+ 21. Rxh6 Qc5 22. Qxc5 dxc5 23. Rd5 c4 24. Rd7 Ng7 25. Rf6 Kxh7 26. Rfxf7 Rxf7 27. Rxf7 Kg6 28. Ra7 a4 29. Kd2 Ne6 30. Ke3 Kf6 31. f4 Rg8 32. e5+ Kf5 33. Rf7+ Kg4 34. Rf6 Nc7 35. Ke4 b4 36. Rc6 a3 37. bxa3 Nb5 38. axb4 Nc3+ 39. Kd4 Nxa2 40. Kxc4 Kxf4 41. e6 Rxg2 42. Kb3 Nc1+ 43. Ka4 Kf5 44. b5 Ne2 45. b6 Nd4 46. e7 Rg8 47. Rc5+ Ke6 48. b7 Kxe7 49. Rc8 Rg4 1-0

[Event "Brasschaat op 03rd"]
[Site "Brasschaat"]
[Date "2003.08.29"]
[Round "7"]
[White "Vanderwaeren, Serge"]
[Black "Druyts, Steven"]
[Result "1-0"]
[WhiteElo "2297"]
[BlackElo "2189"]
[PlyCount "61"]
[EventDate "2003.08.24"]
[EventType "swiss"]
[EventRounds "9"]
[EventCountry "BEL"]
[SourceTitle "EXT 2017"]
[Source "ChessBase"]
[SourceDate "2016.10.25"]
[SourceVersion "1"]
[SourceVersionDate "2016.10.25"]
[SourceQuality "1"]

1. Nf3 Nf6 2. c4 c5 3. Nc3 d5 4. cxd5 Nxd5 5. e3 Nc6 6. Bb5 Nxc3 7. bxc3 Bd7 8. d4 cxd4 9. exd4 Qa5 10. Qb3 e6 11. 0-0 a6 12. Bd3 Bd6 13. Ng5 Ne7 14. Ne4 Qc7 15. Nxd6+ Qxd6 16. Qxb7 Qc6 17. Qb3 0-0 18. Rb1 Qc7 19. Qc2 h6 20. c4 Rfd8 21. Qe2 Rab8 22. Rxb8 Rxb8 23. Qe4 Ng6 24. Qg4 e5 25. Qe4 Bc6 26. d5 Bd7 27. Qe2 Ne7 28. f4 Bf5 29. Bxf5 Nxf5 30. Qxe5 Qc5+ 31. Kh1 1-0

[Event "Brasschaat op 03rd"]
[Site "Brasschaat"]
[Date "2003.08.24"]
[Round "2"]
[White "Heukels, Wim"]
[Black "Vanderwaeren, Serge"]
[Result "1/2-1/2"]
[WhiteElo "1958"]
[BlackElo "2297"]
[PlyCount "63"]
[EventDate "2003.08.24"]
[EventType "swiss"]
[EventRounds "9"]
[EventCountry "BEL"]
[SourceTitle "EXT 2017"]
[Source "ChessBase"]
[SourceDate "2016.10.25"]
[SourceVersion "1"]
[SourceVersionDate "2016.10.25"]
[SourceQuality "1"]

1. d4 Nf6 2. c4 c5 3. d5 e6 4. Nc3 exd5 5. cxd5 d6 6. e4 g6 7. Nf3 Bg7 8. Be2 0-0 9. Bf4 b5 10. Nd2 b4 11. Nb5 Ba6 12. Qc2 Bxb5 13. Bxb5 a6 14. Bd3 Nh5 15. Be3 Nd7 16. 0-0 Ne5 17. Be2 Qh4 18. f4 Ng4 19. Bxg4 Qxg4 20. Nc4 Rad8 21. Rad1 Rfe8 22. Rf3 Qc8 23. e5 dxe5 24. fxe5 Bxe5 25. Nxe5 Rxe5 26. Qxc5 Qxc5 27. Bxc5 a5 28. a3 bxa3 29. Rxa3 Rexd5 30. Rxd5 Rxd5 31. Rxa5 Nf4 32. g3 1/2-1/2

[Event "Ghent VSF-chA"]
[Site "Ghent"]
[Date "2003.06.01"]
[Round "4"]
[White "Vanderwaeren, Serge"]
[Black "Daels, Marc"]
[Result "1/2-1/2"]
[WhiteElo "2317"]
[BlackElo "2290"]
[PlyCount "63"]
[EventDate "2003.05.29"]
[EventType "swiss"]
[EventRounds "7"]
[EventCountry "BEL"]
[SourceTitle "EXT 2004"]
[Source "ChessBase"]
[SourceDate "2003.11.25"]
[SourceVersion "1"]
[SourceVersionDate "2003.11.25"]
[SourceQuality "1"]

1. Nf3 Nf6 2. c4 e6 3. g3 a6 4. d4 b5 5. Bg2 bxc4 6. Qa4 Bb7 7. 0-0 c5 8. dxc5 Bxc5 9. Qxc4 Qc8 10. Qh4 0-0 11. Nc3 d5 12. Na4 Ba7 13. b3 Qc2 14. Bb2 Nbd7 15. e3 Rac8 16. g4 Qg6 17. g5 Ne4 18. Rac1 Bb8 19. Nc3 Ndc5 20. Nxe4 Nxe4 21. Ne5 Bxe5 22. Bxe4 Bxh2+ 23. Kxh2 Qxe4 24. Qxe4 dxe4 25. Kg3 Rxc1 26. Rxc1 Rc8 27. Rxc8+ Bxc8 28. Kf4 h5 29. gxh6 gxh6 30. Kxe4 Kh7 31. a4 Bb7+ 32. Kf4 1/2-1/2